Регионална библиотека "Любен Каравелов" - Русе

Виж сега, моето момиче (Запис номер 490344)

MARC детайли
000 -Лидер
Контролно поле с фиксирана дължина 01118nam a2200265 a 4500
003 - Код на организацията, давaща контролен номер
Контролно поле BLK
005 - Дата и час на последна редакция
Контролно поле 20250714094414.0
008 - Елементи от данни с фиксирана дължина
fixed length control field 220208b bu |||||r|||| 00| | bu d
020 ## - Международен стандартен номер на книга ISBN
Международен стандартен номер на книга ISBN 9786197540192
040 ## - Източник на каталожния запис
Идентификатор на билиотеката - собственик на записа BLK
041 ## - Код за език
Код за езика на текст/звукозапис или на отделно заглавие Български
Код за езика КДБФ Български
080 ## - УДК
Текстов определител УДК Българска литература
УДК код - определител по УДК 821.163.2
УДК определител -32
УДК - код + определител 821.163.2-32
100 ## - Редна дума - Автор
R(LIN) 402445
Автор Хаджииванова, Красимира
Авторска отговорност първи автор
139 ## - Редно поле
Редна дума Виж сега, моето момиче
Авторски знак Вид - В 57
245 ## - Сведения за заглавието
Заглавие Виж сега, моето момиче
Подзаглавни данни Сборник с разкази
Редно поле (дума) Красимира Хаджииванова и др. ; предг. Гери Турийска
257 ## - Страна на издаване
Страна на създаване/издаване България
260 ## - Област на издателските данни
9 (RLIN) 220581
Място на издаване, разпространение и проч. София
Име на издателя, разпространителя и проч. Пощенска кутия за приказки
Година на издаване 2023
Издателство - префикс ISBN 978-619-90828- ; 978-619-90421-
300 ## - Физическа характеристика
Страници 148 с.
Размери/Мащаб 21 см
380 ## - Жанр
Жанр Худож. лит.
500 ## - Общи забележки
Забележка Имената на авт. отбелязани на гърба на кор.
700 1# - Други автори (авторска отговорност)
9 (RLIN) 131807
Лично име Турийска, Гери
Автороска отговорност (Описва отношението между автора и произведението) предг.
856 ## - Електронен адрес и достъп
Инструкция (цена за достъп) 0.00
Права за достъп disable
942 ## - АРТИКУЛИ
Вид на библиотечния материал Книги
Скрит в OPAC Не
Периодичен библиозапис Да
Koha issues (borrowed), all copies 30
999 ## - СИСТЕМНИ КОНТРОЛНИ НОМЕРА
Koha biblionumber 490344
Koha biblioitemnumber 490344
944 ## - СЪЗДАВАНЕ И РЕДАКЦИЯ на ЗАПИСА
Служител, извършил регистрацията/редакцията 30531
Статус, дата на статуса Цветелина Шанова
Наличности
Код за отписване Код за изгубен артикул Източник на класификационната схема Код за повреда Коз за рестрикции Код за отдаване Артикулен № Име на библиотеката - собственик Име на библиотеката, в която се намира в момента Статус (Текущо местоположение) Дата на вписване в системата Местоположение - отдел Цена в лева Инвентарен номер Систематично азбучна сигнатура Баркод Цена в евро Служебен тип на артикула
  Не е изгубен Universal Decimal Classification Не е повреден без рестрикции заемане за дома 925783 Регионална библиотека "Любен Каравелов" Русе Регионална библиотека "Любен Каравелов" Русе Заемна - подръчен фонд 2023-03-29 Заемна - подръчен фонд 13.50 120000885134 821.163.2-32/В 57 120000885134 6.90 Книги
  Не е изгубен Universal Decimal Classification Не е повреден без рестрикции заемане за дома 925784 Регионална библиотека "Любен Каравелов" Русе Регионална библиотека "Любен Каравелов" Русе Заемна - подръчен фонд 2023-03-29 Заемна - подръчен фонд 13.50 120000885135 821.163.2-32/В 57 120000885135 6.90 Книги
  Не е изгубен Universal Decimal Classification Не е повреден само за читалня ползва се в читалня 940642 Регионална библиотека "Любен Каравелов" Русе Регионална библиотека "Любен Каравелов" Русе Хранилище 2024-03-11 Хранилище 18.00 120000899661 Цб 321838 120000899661 9.20 Книги
Vip Innovations Ltd, Rousse, Bulgaria 2025